Online Catalogue and eLibrary

The regime of the brother : (Record no. 369)

MARC details
000 -LEADER
fixed length control field 00643cam a2200229 a 4500
001 - CONTROL NUMBER
control field 4833188
005 - DATE AND TIME OF LATEST TRANSACTION
control field 20240212004105.0
008 - FIXED-LENGTH DATA ELEMENTS--GENERAL INFORMATION
fixed length control field 900803s1991 enk b 001 0 eng
020 ## - INTERNATIONAL STANDARD BOOK NUMBER
ISBN 0415054346
020 ## - INTERNATIONAL STANDARD BOOK NUMBER
ISBN 0415054354 (pbk.)
040 ## - CATALOGING SOURCE (பட்டியலாக்க மூலம்)
Original cataloging agency DLC
Transcribing agency DLC
Modifying agency DLC
082 00 - DDC Classification
Class No. 306.85
DDC Edition Number 20
Item Number - Author Mark JUL.
100 1# - MAIN ENTRY--PERSONAL NAME
Personal name MacCannell, Juliet Flower,
245 14 - TITLE STATEMENT
Title The regime of the brother :
Remainder of title after the patriarchy /
Statement of responsibility, etc. Juliet Flower MacCannell.
260 ## - PUBLICATION, DISTRIBUTION, ETC.
Place of publication, distribution, etc. London ;
-- New York :
Name of publisher, distributor, etc. Routledge,
Date of publication, distribution, etc. 1991.
300 ## - PHYSICAL DESCRIPTION
Extent (e.g. Volumes, Pages etc.) xii, 226 p. ;
650 #0 - SUBJECT ADDED ENTRY--TOPICAL TERM
Topical term or geographic name entry element Women
650 #0 - SUBJECT ADDED ENTRY--TOPICAL TERM
Topical term or geographic name entry element Social history.
650 #0 - SUBJECT ADDED ENTRY--TOPICAL TERM
Topical term or geographic name entry element Women in literature.
650 #0 - SUBJECT ADDED ENTRY--TOPICAL TERM
Topical term or geographic name entry element Feminist theory.
942 ## - Koha item type (Biblio)
Koha item type Books in Stacks (Lending)
Holdings
Lost status Damaged status Collection code Home library Current library Date acquired Full call number Accession Number Item type
    Lending WERC Library WERC Library 02/12/2024 306.85 JUL. 3627 Books in Stacks (Lending)

© WERC Library